Arab settlements : tribal structures and spatial organizations in the Middle East between Hellenistic and early Islamic periods /
How can the built environment help in the understanding of social and economic changes involving ancient local communities? 'Arab Settlements' aims to shed light on the degree to which economic and political changes affected social and identity patterns in the regional context from the Nab...
المؤلف الرئيسي:
التنسيق: كتاب الكتروني
اللغة: English
منشور في:
Summertown, Oxford :
Archaeopress Publishing Ltd.,
2019.
سلاسل:
Access archaeology.
الموضوعات:
الوصول للمادة أونلاين: Login to view Source
الوسوم: إضافة وسم
رقم الطلب: DS56
| LEADER | 01973nam a2200409 i 4500 | ||
|---|---|---|---|
| 001 | EDZ0002133893 | ||
| 003 | StDuBDS | ||
| 005 | 20230412182635.0 | ||
| 006 | m|||||o||d|||||||| | ||
| 007 | cr ||||||||||| | ||
| 008 | 191028s2019 enka fob 000|0|eng|d | ||
| 020 | |a 9781789693621 (ebook) : |c No price | ||
| 040 | |a StDuBDS |b eng |c StDuBDS |e rda |e pn | ||
| 050 | 4 | |a DS56 | |
| 082 | 0 | 4 | |a 939.4 |2 23 |
| 100 | 1 | |a Pini, Nicolò, |e author. | |
| 245 | 1 | 0 | |a Arab settlements : |b tribal structures and spatial organizations in the Middle East between Hellenistic and early Islamic periods / |c Nicolò Pini. |
| 264 | 1 | |a Summertown, Oxford : |b Archaeopress Publishing Ltd., |c 2019. | |
| 300 | |a 1 online resource (xii, 252 pages) : |b illustrations (black and white, and colour). | ||
| 336 | |a text |2 rdacontent | ||
| 336 | |a still image |2 rdacontent | ||
| 337 | |a computer |2 rdamedia | ||
| 338 | |a online resource |2 rdacarrier | ||
| 490 | 1 | |a Access archaeology | |
| 500 | |a "Available both in print and Open Access"--Homepage. | ||
| 504 | |a Includes bibliographical references. | ||
| 520 | 8 | |a How can the built environment help in the understanding of social and economic changes involving ancient local communities? 'Arab Settlements' aims to shed light on the degree to which economic and political changes affected social and identity patterns in the regional context from the Nabatean through to the Umayyad and Abbasid periods. | |
| 521 | |a Specialized. | ||
| 588 | |a Description based on online resource; title from PDF title page (viewed on November 20, 2019). | ||
| 651 | 0 | |a Middle East |x Antiquities. | |
| 650 | 0 | |a Arabs |z Middle East |x History. | |
| 776 | 0 | 8 | |i Print version : |z 9781789693614 |
| 830 | 0 | |a Access archaeology. | |
| 856 | 4 | 0 | |3 Archaeopress |u http://library.arce.org:8087/Archaeopress/Products/9781789693614 |
| 942 | |2 lcc |c EBOOK | ||
| 952 | |0 0 |1 0 |4 0 |6 DS0056 |7 1 |9 46618 |a ARCH |b ARCH |d 2023-04-12 |l 0 |o DS56 |r 2023-04-12 00:00:00 |w 2023-04-12 |y EBOOK | ||
| 999 | |c 52276 |d 52276 | ||
